<?xml version="1.0" encoding="UTF-8"?>
<record
    xmlns:xsi="http://www.w3.org/2001/XMLSchema-instance"
    xsi:schemaLocation="http://www.loc.gov/MARC21/slim http://www.loc.gov/standards/marcxml/schema/MARC21slim.xsd"
    xmlns="http://www.loc.gov/MARC21/slim">

  <leader>05331namaa22004331i 4500</leader>
  <controlfield tag="003">EG-GICUC</controlfield>
  <controlfield tag="005">20260430202801.0</controlfield>
  <controlfield tag="008">260430s2025    ua a|||frm||| 000 0 eng d</controlfield>
  <datafield tag="040" ind1=" " ind2=" ">
    <subfield code="a">EG-GICUC</subfield>
    <subfield code="b">eng</subfield>
    <subfield code="c">EG-GICUC</subfield>
    <subfield code="d">EG-GICUC</subfield>
    <subfield code="e">rda</subfield>
  </datafield>
  <datafield tag="041" ind1="0" ind2=" ">
    <subfield code="a">eng</subfield>
    <subfield code="b">eng</subfield>
    <subfield code="b">ara</subfield>
  </datafield>
  <datafield tag="049" ind1=" " ind2=" ">
    <subfield code="a">Deposit</subfield>
  </datafield>
  <datafield tag="082" ind1="0" ind2="4">
    <subfield code="a">006.31</subfield>
  </datafield>
  <datafield tag="092" ind1=" " ind2=" ">
    <subfield code="a">006.31</subfield>
    <subfield code="2">21</subfield>
  </datafield>
  <datafield tag="097" ind1=" " ind2=" ">
    <subfield code="a">Ph.D</subfield>
  </datafield>
  <datafield tag="099" ind1=" " ind2=" ">
    <subfield code="a">Cai01.13.08.Ph.D.2025.Mo.O</subfield>
  </datafield>
  <datafield tag="100" ind1="0" ind2=" ">
    <subfield code="a">Mohamed Sayed Mohamed Ibrahim,</subfield>
    <subfield code="e">preparation.</subfield>
  </datafield>
  <datafield tag="245" ind1="1" ind2="0">
    <subfield code="a">Optimal energy management for PV storage system in a hybrid microgrid using deep learning techniques /</subfield>
    <subfield code="c">by Mohamed Sayed Mohamed Ibrahim ; Supervisors Prof. Dr. Hanan Ahmed Kamal, Prof. Dr. Sawsan Morkos Gharghory. </subfield>
  </datafield>
  <datafield tag="246" ind1="1" ind2="5">
    <subfield code="a">&#x627;&#xFEF9;&#x62F;&#x627;&#x631;&#x629; &#x627;&#xFEDF;&#xFEE4;&#xFE9C;&#xFEE0;&#xFEF0; &#xFEDF;&#xFEE0;&#xFEC4;&#xFE8E;&#xFED7;&#xFE94; &#xFEDF;&#xFEE8;&#xFEC8;&#xFE8E;&#x645; &#x627;&#xFEDF;&#xFE98;&#xFEA8;&#xFEB0;&#xFBFE;&#xFEE6; &#x627;&#xFEDF;&#xFEDC;&#xFBAD;&#xFEAE;&#x648;&#xFEBF;&#xFEEE;&#xFE8B;&#xFEF2; &#xFED3;&#xFEF2; &#xFEB7;&#xFE92;&#xFEDC;&#xFE94; &#xFEBB;&#xFED0;&#xFBFF;&#xFEAE;&#x629; &#x6BE;&#xFEA0;&#xFBFF;&#xFEE8;&#xFE94; &#xFE91;&#xFE8E;&#xFEB3;&#xFE98;&#xFEA8;&#xFEAA;&#x627;&#x645; &#xFE97;&#xFED8;&#xFEE8;&#xFBFF;&#xFE8E;&#x62A; &#x627;&#xFEDF;&#xFE98;&#xFECC;&#xFEE0;&#xFEE2; &#x627;&#xFEDF;&#xFECC;&#xFEE4;&#xFBFF;&#xFED6;</subfield>
  </datafield>
  <datafield tag="264" ind1=" " ind2="0">
    <subfield code="c">2024.</subfield>
  </datafield>
  <datafield tag="300" ind1=" " ind2=" ">
    <subfield code="a">106 pages : </subfield>
    <subfield code="b">illustrations ;</subfield>
    <subfield code="c">30 cm. + </subfield>
    <subfield code="e">CD.</subfield>
  </datafield>
  <datafield tag="336" ind1=" " ind2=" ">
    <subfield code="a">text</subfield>
    <subfield code="2">rda content</subfield>
  </datafield>
  <datafield tag="337" ind1=" " ind2=" ">
    <subfield code="a">Unmediated</subfield>
    <subfield code="2">rdamedia</subfield>
  </datafield>
  <datafield tag="338" ind1=" " ind2=" ">
    <subfield code="a">volume</subfield>
    <subfield code="2">rdacarrier</subfield>
  </datafield>
  <datafield tag="502" ind1=" " ind2=" ">
    <subfield code="a">Thesis (Ph.D)-Cairo University, 2025.</subfield>
  </datafield>
  <datafield tag="504" ind1=" " ind2=" ">
    <subfield code="a">Bibliography: pages 96-106. </subfield>
  </datafield>
  <datafield tag="520" ind1=" " ind2="3">
    <subfield code="a">Solar energy is a key renewable resource in the pursuit of global clean energy goals. However, like other 
renewable sources, it suffers from intermittency and unpredictability, which pose challenges to grid 
stability. Energy storage systems offer a viable solution by storing excess energy for use during periods of 
low solar generation. This thesis addresses the major challenges faced by hybrid microgrids and presents a 
comprehensive, integrated solution based on advanced algorithmic techniques. In the first part, two novel 
hybrid deep learning models are proposed for forecasting photovoltaic (PV) power generation and load 
demand over various time horizons ranging from 30 minutes to 24 hours. These models, namely, the 
CNN-LSTM Autoencoder and the LSTM-CNN Transformer, demonstrate improved accuracy and 
adaptability across short- and long-term forecasts. In the second part, the attention is towards managing 
battery energy systems. A new Hybrid Grey Wolf Optimizer&#x2013;Particle Swarm Optimization (GWO-PSO) 
algorithm is developed to optimize the charging and discharging schedule of a PV-battery storage system 
connected to a microgrid. The proposed method effectively minimizes grid power consumption peaks, 
enhancing the overall efficiency and stability of the system. </subfield>
  </datafield>
  <datafield tag="520" ind1=" " ind2="3">
    <subfield code="a">&#x62A;&#x64F;&#x639;&#x62F; &#x627;&#x644;&#x637;&#x627;&#x642;&#x629; &#x627;&#x644;&#x634;&#x645;&#x633;&#x64A;&#x629; &#x645;&#x646; &#x623;&#x647;&#x645; &#x645;&#x635;&#x627;&#x62F;&#x631; &#x627;&#x644;&#x637;&#x627;&#x642;&#x629; &#x627;&#x644;&#x645;&#x62A;&#x62C;&#x62F;&#x62F;&#x629; &#x644;&#x62A;&#x62D;&#x642;&#x64A;&#x642; &#x623;&#x647;&#x62F;&#x627;&#x641; &#x627;&#x644;&#x637;&#x627;&#x642;&#x629; &#x627;&#x644;&#x646;&#x638;&#x64A;&#x641;&#x629; &#x639;&#x644;&#x649; &#x645;&#x633;&#x62A;&#x648;&#x649; &#x627;&#x644;&#x639;&#x627;&#x644;&#x645;. &#x648;&#x645;&#x639; &#x630;&#x644;&#x643;&#x60C; &#x641;&#x625;&#x646;&#x647;&#x627;&#x60C; &#x643;&#x63A;&#x64A;&#x631;&#x647;&#x627; &#x645;&#x646; &#x645;&#x635;&#x627;&#x62F;&#x631; &#x627;&#x644;&#x637;&#x627;&#x642;&#x629; &#x627;&#x644;&#x645;&#x62A;&#x62C;&#x62F;&#x62F;&#x629;&#x60C; &#x62A;&#x639;&#x627;&#x646;&#x64A; &#x645;&#x646; &#x627;&#x644;&#x62A;&#x642;&#x637;&#x639; &#x648;&#x627;&#x644;&#x639;&#x634;&#x648;&#x627;&#x626;&#x64A;&#x629;&#x60C; &#x645;&#x645;&#x627; &#x64A;&#x633;&#x628;&#x628; &#x62A;&#x62D;&#x62F;&#x64A;&#x627;&#x62A; &#x641;&#x64A; &#x627;&#x633;&#x62A;&#x642;&#x631;&#x627;&#x631; &#x627;&#x644;&#x634;&#x628;&#x643;&#x627;&#x62A; &#x627;&#x644;&#x643;&#x647;&#x631;&#x628;&#x627;&#x626;&#x64A;&#x629;. &#x648;&#x62A;&#x64F;&#x639;&#x62F; &#x623;&#x646;&#x638;&#x645;&#x629; &#x62A;&#x62E;&#x632;&#x64A;&#x646; &#x627;&#x644;&#x637;&#x627;&#x642;&#x629; &#x62D;&#x644;&#x627;&#x64B; &#x641;&#x639;&#x627;&#x644;&#x627;&#x64B; &#x644;&#x647;&#x630;&#x647; &#x627;&#x644;&#x645;&#x634;&#x643;&#x644;&#x629;&#x60C; &#x62D;&#x64A;&#x62B; &#x62A;&#x62A;&#x64A;&#x62D; &#x62A;&#x62E;&#x632;&#x64A;&#x646; &#x627;&#x644;&#x641;&#x627;&#x626;&#x636; &#x645;&#x646; &#x627;&#x644;&#x637;&#x627;&#x642;&#x629; &#x644;&#x627;&#x633;&#x62A;&#x62E;&#x62F;&#x627;&#x645;&#x647; &#x641;&#x64A; &#x641;&#x62A;&#x631;&#x627;&#x62A; &#x627;&#x646;&#x62E;&#x641;&#x627;&#x636; &#x627;&#x644;&#x62A;&#x648;&#x644;&#x64A;&#x62F; &#x627;&#x644;&#x634;&#x645;&#x633;&#x64A;. &#x64A;&#x62A;&#x646;&#x627;&#x648;&#x644; &#x647;&#x630;&#x627; &#x627;&#x644;&#x628;&#x62D;&#x62B; &#x627;&#x644;&#x62A;&#x62D;&#x62F;&#x64A;&#x627;&#x62A; &#x627;&#x644;&#x631;&#x626;&#x64A;&#x633;&#x64A;&#x629; &#x627;&#x644;&#x62A;&#x64A; &#x62A;&#x648;&#x627;&#x62C;&#x647; &#x627;&#x644;&#x634;&#x628;&#x643;&#x627;&#x62A; &#x627;&#x644;&#x635;&#x63A;&#x64A;&#x631;&#x629; &#x627;&#x644;&#x647;&#x62C;&#x64A;&#x646;&#x629;&#x60C; &#x648;&#x64A;&#x642;&#x62F;&#x645; &#x62D;&#x644;&#x627;&#x64B; &#x634;&#x627;&#x645;&#x644;&#x627;&#x64B; &#x648;&#x645;&#x62A;&#x643;&#x627;&#x645;&#x644;&#x627;&#x64B; &#x64A;&#x639;&#x62A;&#x645;&#x62F; &#x639;&#x644;&#x649; &#x62A;&#x642;&#x646;&#x64A;&#x627;&#x62A; &#x62E;&#x648;&#x627;&#x631;&#x632;&#x645;&#x64A;&#x629; &#x645;&#x62A;&#x642;&#x62F;&#x645;&#x629;. &#x641;&#x64A; &#x627;&#x644;&#x62C;&#x632;&#x621; &#x627;&#x644;&#x623;&#x648;&#x644;&#x60C; &#x62A;&#x645; &#x627;&#x642;&#x62A;&#x631;&#x627;&#x62D; &#x646;&#x645;&#x648;&#x630;&#x62C;&#x64A;&#x646; &#x62C;&#x62F;&#x64A;&#x62F;&#x64A;&#x646; &#x644;&#x644;&#x62A;&#x639;&#x644;&#x645; &#x627;&#x644;&#x639;&#x645;&#x64A;&#x642; &#x627;&#x644;&#x647;&#x62C;&#x64A;&#x646; &#x644;&#x62A;&#x648;&#x642;&#x639; &#x62A;&#x648;&#x644;&#x64A;&#x62F; &#x627;&#x644;&#x637;&#x627;&#x642;&#x629; &#x627;&#x644;&#x643;&#x647;&#x631;&#x648;&#x636;&#x648;&#x626;&#x64A;&#x629; &#x648;&#x627;&#x644;&#x637;&#x644;&#x628; &#x639;&#x644;&#x649; &#x627;&#x644;&#x637;&#x627;&#x642;&#x629; &#x639;&#x644;&#x649; &#x645;&#x62F;&#x649; &#x622;&#x641;&#x627;&#x642; &#x632;&#x645;&#x646;&#x64A;&#x629; &#x645;&#x62A;&#x639;&#x62F;&#x62F;&#x629; &#x62A;&#x62A;&#x631;&#x627;&#x648;&#x62D; &#x628;&#x64A;&#x646; 30 &#x62F;&#x642;&#x64A;&#x642;&#x629; &#x648;24 &#x633;&#x627;&#x639;&#x629;. &#x627;&#x644;&#x646;&#x645;&#x648;&#x630;&#x62C;&#x627;&#x646; &#x627;&#x644;&#x645;&#x642;&#x62A;&#x631;&#x62D;&#x627;&#x646;&#x60C; &#x648;&#x647;&#x645;&#x627; &#x627;&#x644;&#x634;&#x628;&#x643;&#x629; &#x627;&#x644;&#x647;&#x62C;&#x64A;&#x646;&#x629; CNN-LSTM Autoencoder &#x648;&#x634;&#x628;&#x643;&#x629; LSTM-CNN Transformer&#x60C; &#x623;&#x638;&#x647;&#x631;&#x627; &#x62F;&#x642;&#x629; &#x639;&#x627;&#x644;&#x64A;&#x629; &#x648;&#x642;&#x627;&#x628;&#x644;&#x64A;&#x629; &#x644;&#x644;&#x62A;&#x643;&#x64A;&#x641; &#x641;&#x64A; &#x627;&#x644;&#x62A;&#x646;&#x628;&#x624;&#x627;&#x62A; &#x642;&#x635;&#x64A;&#x631;&#x629; &#x648;&#x637;&#x648;&#x64A;&#x644;&#x629; &#x627;&#x644;&#x623;&#x645;&#x62F;. &#x641;&#x64A; &#x627;&#x644;&#x62C;&#x632;&#x621; &#x627;&#x644;&#x62B;&#x627;&#x646;&#x64A;&#x60C; &#x641;&#x64A;&#x64F;&#x631;&#x643;&#x651;&#x632; &#x639;&#x644;&#x649; &#x625;&#x62F;&#x627;&#x631;&#x629; &#x628;&#x637;&#x627;&#x631;&#x64A;&#x627;&#x62A; &#x627;&#x644;&#x62A;&#x62E;&#x632;&#x64A;&#x646;. &#x62D;&#x64A;&#x62B; &#x62A;&#x645; &#x62A;&#x637;&#x648;&#x64A;&#x631; &#x62E;&#x648;&#x627;&#x631;&#x632;&#x645;&#x64A;&#x629; &#x647;&#x62C;&#x64A;&#x646;&#x629; &#x62C;&#x62F;&#x64A;&#x62F;&#x629; &#x62A;&#x62C;&#x645;&#x639; &#x628;&#x64A;&#x646; &#x62E;&#x648;&#x627;&#x631;&#x632;&#x645;&#x64A;&#x629; &#x627;&#x644;&#x630;&#x626;&#x628; &#x627;&#x644;&#x631;&#x645;&#x627;&#x62F;&#x64A; (GWO) &#x648;&#x62E;&#x648;&#x627;&#x631;&#x632;&#x645;&#x64A;&#x629; &#x62A;&#x62D;&#x633;&#x64A;&#x646; &#x623;&#x633;&#x631;&#x627;&#x628; &#x627;&#x644;&#x62C;&#x633;&#x64A;&#x645;&#x627;&#x62A; (PSO)&#x60C; &#x628;&#x647;&#x62F;&#x641; &#x62A;&#x62D;&#x633;&#x64A;&#x646; &#x62C;&#x62F;&#x648;&#x644; &#x634;&#x62D;&#x646; &#x648;&#x62A;&#x641;&#x631;&#x64A;&#x63A; &#x646;&#x638;&#x627;&#x645; &#x62A;&#x62E;&#x632;&#x64A;&#x646; &#x627;&#x644;&#x637;&#x627;&#x642;&#x629; &#x627;&#x644;&#x643;&#x647;&#x631;&#x648;&#x636;&#x648;&#x626;&#x64A;&#x629; &#x627;&#x644;&#x645;&#x62A;&#x635;&#x644; &#x628;&#x627;&#x644;&#x634;&#x628;&#x643;&#x629; &#x627;&#x644;&#x635;&#x63A;&#x64A;&#x631;&#x629;. &#x648;&#x62A;&#x64F;&#x638;&#x647;&#x631; &#x627;&#x644;&#x646;&#x62A;&#x627;&#x626;&#x62C; &#x623;&#x646; &#x627;&#x644;&#x637;&#x631;&#x64A;&#x642;&#x629; &#x627;&#x644;&#x645;&#x642;&#x62A;&#x631;&#x62D;&#x629; &#x62A;&#x64F;&#x642;&#x644;&#x644; &#x645;&#x646; &#x630;&#x631;&#x648;&#x629; &#x627;&#x633;&#x62A;&#x647;&#x644;&#x627;&#x643; &#x627;&#x644;&#x637;&#x627;&#x642;&#x629; &#x645;&#x646; &#x627;&#x644;&#x634;&#x628;&#x643;&#x629;&#x60C; &#x645;&#x645;&#x627; &#x64A;&#x64F;&#x62D;&#x633;&#x651;&#x646; &#x645;&#x646; &#x643;&#x641;&#x627;&#x621;&#x629; &#x648;&#x627;&#x633;&#x62A;&#x642;&#x631;&#x627;&#x631; &#x627;&#x644;&#x646;&#x638;&#x627;&#x645; &#x628;&#x634;&#x643;&#x644; &#x639;&#x627;&#x645;. </subfield>
  </datafield>
  <datafield tag="530" ind1=" " ind2=" ">
    <subfield code="a">Issues also as CD.</subfield>
  </datafield>
  <datafield tag="546" ind1=" " ind2=" ">
    <subfield code="a">Text in English and abstract in Arabic &amp; English.</subfield>
  </datafield>
  <datafield tag="650" ind1=" " ind2="0">
    <subfield code="a">Deep Learning </subfield>
  </datafield>
  <datafield tag="650" ind1=" " ind2="0">
    <subfield code="a">&#x627;&#xFEDF;&#xFE98;&#xFECC;&#xFEE0;&#xFEE2; &#x627;&#xFEDF;&#xFECC;&#xFEE4;&#xFBFF;&#xFED6;</subfield>
  </datafield>
  <datafield tag="653" ind1=" " ind2="1">
    <subfield code="a">Autoencoder</subfield>
    <subfield code="a">transformer</subfield>
    <subfield code="a">PV</subfield>
    <subfield code="a">HGPO</subfield>
    <subfield code="a">Microgrid </subfield>
  </datafield>
  <datafield tag="700" ind1="0" ind2=" ">
    <subfield code="a">Hanan Ahmed Kamal</subfield>
    <subfield code="e">thesis advisor.</subfield>
  </datafield>
  <datafield tag="700" ind1="0" ind2=" ">
    <subfield code="a">Sawsan Morkos Gharghory</subfield>
    <subfield code="e">thesis advisor.</subfield>
  </datafield>
  <datafield tag="900" ind1=" " ind2=" ">
    <subfield code="b">01-01-2025</subfield>
    <subfield code="c">Hanan Ahmed Kamal</subfield>
    <subfield code="c">Sawsan Morkos Gharghory</subfield>
    <subfield code="d">Mohamed A. Moustafa Hassan </subfield>
    <subfield code="d">Ahmad Mohamed Elgarhy  </subfield>
    <subfield code="U">Cairo University</subfield>
    <subfield code="F">Faculty of Engineering</subfield>
    <subfield code="D">Department of Electronics and Communications Engineering </subfield>
  </datafield>
  <datafield tag="905" ind1=" " ind2=" ">
    <subfield code="a">Shimaa</subfield>
  </datafield>
  <datafield tag="942" ind1=" " ind2=" ">
    <subfield code="2">ddc</subfield>
    <subfield code="c">TH</subfield>
    <subfield code="e">21</subfield>
    <subfield code="n">0</subfield>
  </datafield>
  <datafield tag="999" ind1=" " ind2=" ">
    <subfield code="c">179876</subfield>
  </datafield>
  <datafield tag="952" ind1=" " ind2=" ">
    <subfield code="2">ddc</subfield>
    <subfield code="9">317498</subfield>
    <subfield code="a">CUCL</subfield>
    <subfield code="b">cl210</subfield>
    <subfield code="d">2026-04-30</subfield>
    <subfield code="i">93928</subfield>
    <subfield code="o">Cai01.13.08.Ph.D.2025.Mo.O</subfield>
    <subfield code="p">01010110093928000</subfield>
    <subfield code="r">2026-04-30 19:28:58</subfield>
    <subfield code="w">2026-04-30</subfield>
    <subfield code="y">TH</subfield>
  </datafield>
</record>
